000 00707cam a22002413a 4500
001 12005
003 PGUSA
005 20140828083243.0
008 040401s2004||||xxu|||||s|||||000 p eng d
040 _aPGUSA
_beng
042 _adc
050 4 _aPQ
100 1 _aLautréamont, comte de,
_d1846-1870
245 1 0 _aLes Chants de Maldoror
_h[electronic resource] /
_ccomte de Lautréamont
260 _bProject Gutenberg,
_c2004
506 _aPublic domain in the USA.
516 _aElectronic text
653 _aFantasy poetry, French
653 _aMetamorphosis -- Religious aspects -- Poetry
830 0 _aProject Gutenberg
_v12005
856 4 0 _uhttp://www.gutenberg.org/ebooks/12005
942 _cEB
999 _c241260
_d241260